000 00884nam a22003137a 4500
001 17225457
003 OSt
005 20140310182745.0
008 120325s2011 ph 000 0 eng
010 _a 2012325115
020 _a9789712726095
040 _aDLC
_cDLC
041 0 _aeng
_atgl
042 _alcode
050 0 0 _aHQ 76.3
_b.R389 2011
082 _aFIL 895
_bR389 2011
100 1 _aRemoto, Danton,
_d1963-
245 1 0 _aBright, Catholic--and Gay
_cRemoto, Danton
260 _aManila
_bPublished and exclusively distributed by Anvil Pub.
_cc2011
300 _a104 p.
_c18 cm.
521 _aCollege Students
526 _c1210L to 1700L
541 _j1
546 _aIn English, with some text in Tagalog.
562 _e1
906 _a7
_bcbc
_corigode
_d4
_encip
_f20
_gy-gencatlg
942 _2lcc
_cBK-FIL
_kFIL
999 _c15636
_d15636